000 00715nam a22002297a 4500
003 UA-OsUOA
001 47673
007 ta
008 20070815b un ||||| |||| 00| 0 ukr d
090 _a94(100)"05/..."
942 _cBK
040 _aUA-OsUOA
_brus
_cUA-OsUOA
_dUA-OsUOA
245 _aХрестоматия по истории древнего мира
_bПособие для учителя
_cСост. Е. А. Черкасов
300 _a288 с.
955 _a2
041 _arus
080 _a94(100)"05/..."
020 _a5-09-003151-7
260 _aМ.
_bПросвещение
_c1991
650 7 _a9 Географія. Біографії. Історія
_2UDC
999 _c333773
_d333773